| 000 | 01269nam0a2200337 4500 | ||
|---|---|---|---|
| 001 | RU\NLR\bibl\161375 | ||
| 005 | 20250618053727.0 | ||
| 010 |
_a5-7577-0064-5 _9200 |
||
| 021 |
_aRU _b2001-34977 _91665 |
||
| 035 | _a(NLR Aleph) 000158291 | ||
| 090 |
_a909998 _c909998 |
||
| 100 | _a20010607d2000 |||y0rusy50 ca | ||
| 101 | 0 | _arus | |
| 102 | _aRU | ||
| 105 | _aa ||||||||| | ||
| 200 | 1 |
_aПроблемы когерентной и нелинейной оптики _eСб. ст. _fПод ред. И.П. Гурова и С.А. Козлова,[проф.] |
|
| 210 |
_aСПб. _cИТМО (ТУ) _d2000 |
||
| 215 |
_a278 с. _cил. _d21 |
||
| 320 | _aБиблиогр. в конце ст. | ||
| 606 | 0 |
_aОптика нелинейная _jСборники _91054068 _3RU\NLR\auth\6689731 |
|
| 606 | 0 |
_aНелинейная оптика _jСборники _92100374 _3RU\NLR\auth\661270350 |
|
| 606 | 0 |
_aКогерентная оптика _jСборники _91523040 _3RU\NLR\auth\66662371 |
|
| 686 | _aЗ86-01я43 | ||
| 686 | _aВ343.4я43 | ||
| 702 | 1 |
_aГуров _bИ. П. _gИгорь Петрович _4340 |
|
| 801 | 0 |
_aRU _bNLR _c20010607 _gPSBO |
|
| 801 | 1 |
_aRU _bNLR _c20010607 |
|
| 830 | _aРед. по кн. | ||
| 942 | _cBOOK | ||
| 980 | _aNB | ||